Local Environmental Management in a North-South Perspective /

Gorde:
Xehetasun bibliografikoak
Egile nagusia: Flury, Manuel (ed.)
Beste egile batzuk: Geiser, Urs (edición) (edición)
Formatua: Liburua
Hizkuntza:ingelesa
Argitaratua: Zúrich, Suiza : Amsterdam, Holanda : VDF ; IOS, 2002, c2002
Gaiak:
Etiketak: Etiketa erantsi
Etiketarik gabe, Izan zaitez lehena erregistro honi etiketa jartzen!

MARC

LEADER 00000nam^a2200000^a^4500
001 000149315
005 20250521000000.0
009 20260310100057.155
020 |a 3-7281-2824-4 
020 |a 1-58603-222-4 
037 |a Acervo ITESO - Biblioteca 
041 |a ING 
082 |a 333. 76  |b FLU 
100 |a Flury, Manuel  |e (ed.) 
245 1 0 |a Local Environmental Management in a North-South Perspective /  |c Ed. de M. Flury, U. Geiser. 
264 4 |a Zúrich, Suiza :  |b VDF ;  |a Amsterdam, Holanda :  |b IOS,  |c 2002, c2002 
300 |a 280 p. 
336 |a texto  |b txt  |2 rdacontenido 
337 |a sin mediación  |b n  |2 rdamedio 
338 |a volumen  |b nc  |2 rdasoporte 
649 |a XX 
650 |a Países Subdesarrollados 
650 |a Norte-Sur 
650 |a Gestión Ambiental 
650 |a Conservación y Protección Ambiental 
650 |a Desarrollo Económico-Social 
650 |a Desarrollo Sustentable 
650 |a Participación Política 
650 |a Movimientos Ecologistas 
650 |a Movimientos Sociales 
650 |a Política Ambiental 
650 |a Cooperación Internacional 
650 |a Ecología 
650 |a Economía 
700 |a Geiser, Urs  |e (edición) 
910 |a Fondo General 
920 |a Impresos - Libros 
930 |a Colección General 
905 |a 101 
901 |a 0500078788  |b IT1  |c ACC  |u 20250521 
902 |a https://opac.biblio.iteso.mx/vufind/Record/000149315